| 000 | 01067nam a2200325 i 4500 | ||
|---|---|---|---|
| 003 | CO-BoRNBP | ||
| 005 | 20220317000201.0 | ||
| 007 | ta | ||
| 008 | 141031s2008 ve a g 000 p spa d | ||
| 020 | _a9789802571345 | ||
| 040 |
_aCO-BoRNBP _bspa _cCO-BoRNBP _erda |
||
| 041 | 0 | _aspa | |
| 043 | _as-ve--- | ||
| 084 | _aP EST1 | ||
| 245 | 0 | 0 |
_aEstaba el señor Don Gato _cilustrado por Carmen Salvador |
| 250 |
_aSéptima edición _bNovena edición |
||
| 264 | 1 |
_aCaracas, Venezuela _bEkaré _c2008 _c2015 |
|
| 300 |
_a28 páginas _bilustraciones a color _c23 cm |
||
| 336 |
_atexto _btxt _2rdacontent |
||
| 337 |
_asin mediación _bn _2rdamedia |
||
| 338 |
_avolumen _bnc _2rdacarrier |
||
| 500 | _aIncluye letras y partituras | ||
| 521 | _aRecomendado para un público infantil mayor de 6 años | ||
| 650 | 1 | 7 |
_aPoesía infantil venezolana _2ARMARC |
| 650 | 1 | 7 |
_aLiteratura infantil venezolana _2ARMARC |
| 650 | 1 | 7 |
_aRimas _vPoesía _2ARMARC |
| 700 | 1 |
_aSalvador, Carmen _eilustradora _95444 |
|
| 700 | 1 |
_aIribarren, Elena _eeditora _9198822 |
|
| 942 |
_2loc _cBKLIT |
||
| 999 |
_c3332 _d3332 |
||